<L'>économie du Portugal

Gespeichert in:
Bibliographische Detailangaben
1. Verfasser: Drain, Michel
Format: Buch
Sprache:Französisch
Veröffentlicht: Paris Presses Universitaires de France 1994
Schriftenreihe:que sais - je ?
Schlagworte:
Tags: Tag hinzufügen
Keine Tags, Fügen Sie das erste Tag hinzu!

MARC

LEADER 00000nam$a2200000$$$4500
001 0113377
005 20240111124629.7
020 |a 2-13-046208-1 
041 0 |a fre 
044 |a FR 
245 1 0 |a <L'>économie du Portugal  |c Michel Drain 
264 1 |a Paris  |b Presses Universitaires de France  |c 1994 
300 |a 127 s. 
490 1 |a que sais - je ? 
830 0 |a que sais - je ? 
610 2 0 |a politika hospodárska 
610 2 0 |a politika regionálna 
610 2 0 |a populácia 
610 2 0 |a poľnohospodárstvo 
610 2 0 |a priemysel 
610 2 0 |a turistika 
610 2 0 |a bilancia platobná 
610 2 0 |a Portugalsko 
100 1 |a Drain, Michel